Loading...
| Science - Chemistry | 0 | 2 | 1 | 0 | 15 | 33 | 44.00 | 1 | 2 | 12.85 | 21.21 |
| Religion | 0 | 2 | 1 | 0 | 15 | 56 | 59.50 | 1 | 2 | 9.93 | 19.44 |
| Science - Biology | 0 | 2 | 1 | 0 | 15 | 34 | 43.50 | 1 | 1 | 12.10 | 18.52 |
| Science - Other | 0 | 1 | 0 | 0 | 10 | 37 | 37.00 | 1 | 1 | 7.12 | 10.19 |
| History - American | 0 | 1 | 0 | 0 | 10 | 67 | 67.00 | 0 | 0 | 3.81 | 4.44 |
| Social Science | 0 | 1 | 0 | 0 | 10 | 96 | 96.00 | 0 | 0 | 1.99 | 2.78 |
| Science - Physics | 0 | 1 | 0 | 0 | 10 | 60 | 60.00 | 0 | 1 | 4.44 | 8.33 |
| Fine Arts - Classical Music | 0 | 1 | 1 | 0 | 5 | 98 | 98.00 | 0 | 0 | 0.93 | 0.93 |
| Fine Arts - Other | 0 | 1 | 1 | 0 | 5 | 61 | 61.00 | 0 | 1 | 5.17 | 10.00 |
| Fine Arts - Painting and Sculpture | 0 | 1 | 1 | 0 | 5 | 67 | 67.00 | 0 | 0 | 4.69 | 7.41 |
| History - European | 0 | 1 | 1 | 0 | 5 | 51 | 51.00 | 0 | 1 | 6.23 | 7.41 |
| Literature - American | 0 | 0 | 0 | 0 | 0 | 0.00 | 0 | 0 | 0.00 | 0.00 | |
| Philosophy | 0 | 0 | 1 | 0 | -5 | 0.00 | 0 | 0 | 0.00 | 0.00 | |
| History - Other | 0 | 0 | 1 | 0 | -5 | 0.00 | 0 | 0 | 0.00 | 0.00 |